| 000 | 00639nam a22002057a 4500 | ||
|---|---|---|---|
| 003 | BCEG | ||
| 005 | 20260112145153.0 | ||
| 008 | 260112s1992 mx|||||| |||| 00| 0 spa d | ||
| 020 | _a9683623271 | ||
| 040 |
_aBCEG _bspa _cBCEG |
||
| 082 | 0 | 4 |
_aM863.4 _bC117o |
| 100 | 1 |
_aCabrera Jasso, Ciprián, _d1950-2012. |
|
| 245 | 1 | 4 | _aLas once fantasías y un viaje al país de la noche. |
| 260 |
_aMéxico : _bUniversidad Nacional Autónoma de México, Coordinación de Difusión Cultural, _c1992. |
||
| 300 | _a90 p. | ||
| 490 | _aTextos de Difusión Cultural. Rayuela. | ||
| 541 | _aDonación. | ||
| 650 | 1 | 4 | _aCuentos mexicanos. |
| 942 | _cBK | ||
| 999 |
_c436979 _d436979 |
||